| Registos Bibliográficos associados ao registo de autoridade |
|
Etiqueta de registo: 00254nam 2200025 450 001 2285300 003 http://id.bnportugal.gov.pt/bib/catbnp/2285300 010 ## $a9789897904196 021 ## $aPT$b559835/26 100 ## $a20260427d2026 c y0pory01030103ba 101 0# $apor 102 ## $aPT 105 ## $aa z 000fy 106 ## $ar 200 1# $a O menino que não sabia falar$fLuz Mendes$gil. Bruna Silva Barbosa 205 ## $a1ª ed 210 #9 $aCarnaxide$cMeia Longa,$d2026 215 ## $a33, [13] p.$cil.$d21 cm 700 #1 $aMendes,$bLuz,$f1977-$31915522 701 #1 $aBarbosa,$bBruna Silva$4440$31997000 801 #0 $aPT$bBN$gRPC 966 ## $lBN$mFGMON$x1 971 ## $cisantos$d20260427
|
|
|